| 000 | 00764cam a2200241 a 4500 | ||
|---|---|---|---|
| 001 | 1669956 | ||
| 005 | 20240202013914.0 | ||
| 008 | 980310s1998 enk b 001 0 eng | ||
| 020 | _a0415121582 | ||
| 020 | _a0415121590 (pbk.) | ||
| 040 |
_aDLC _cDLC _dDLC |
||
| 082 | 0 | 0 |
_a306 _221 |
| 245 | 0 | 0 |
_aMulticultural states : _brethinking difference and identity / _cedited by David Bennett. |
| 260 |
_aLondon ; _aNew York : _bRoutledge, _c1998. |
||
| 300 | _axiii, 305 p. ; | ||
| 650 | 0 | _aCultural pluralism | |
| 650 | 0 | _aMulticulturalism. | |
| 650 | 0 | _aEthnicity | |
| 700 | 1 |
_aBennett, David, _eedt |
|
| 856 | 4 | 2 | _uhttp://www.loc.gov/catdir/enhancements/fy0649/98017304-d.html |
| 856 | 4 | 2 | _uhttp://www.loc.gov/catdir/enhancements/fy1115/98017304-b.html |
| 942 | _cL | ||
| 999 |
_c271 _d271 |
||